000 004530000a22001810004500
003 MACL
005 20150726125447.0
008 150726b xxu||||| |||| 00| 0 eng d
040 _aMACL
_cMACL
041 _aEnglish
082 _a330/PRA
100 _aPramod, B
_92534
245 _aSustainble Development of the Rural Poor
260 _bHimalaya Publishing House
_c1991
_aBombay
350 _a150
650 _aEconomics
_92535
942 _cBK
_k330
_2ddc
999 _c4334
_d4334